[Event "CZE-ch 2020"]
[Site "Pilsen"]
[Date "2020.08.23"]
[Round "1.8"]
[White "Houska, Jiri"]
[Black "Polak, Tomas"]
[Result "0-1"]
[WhiteElo "2202"]
[BlackElo "2563"]
[Annotator "ChessBase"]
[PlyCount "92"]
[EventDate "2020.08.23"]
[EventType "swiss"]
[EventCountry "CZE"]
[SourceTitle "playchess.com"]
[Source "ChessBase"]
[SourceQuality "1"]
[TimeControl "40/5400+30:1800+30"]

1. d4 {[%emt 0:00:00]} Nf6 {[%emt 0:00:00]} 2. Nf3 {[%emt 0:00:00]} b6 {[%emt 0:01:14]} 3. c4 {[%emt 0:01:06]} Bb7 {[%emt 0:00:10]} 4. g3 {[%emt 0:02:44]} e6 {[%emt 0:04:58]} 5. Bg2 {[%emt 0:00:22]} Bb4+ {[%emt 0:00:19]} 6. Bd2 {[%emt 0:00:23]} a5 {[%emt 0:00:26]} 7. Nc3 {[%emt 0:03:34]} O-O {[%emt 0:00:51]} 8. O-O {[%emt 0:00:07]} d6 {[%emt 0:01:38]} 9. Rc1 {[%emt 0:05:53]} Nbd7 {[%emt 0:00:48]} 10. Re1 {[%emt 0:09:40]} h6 {[%emt 0:02:20]} 11. Qc2 {[%emt 0:03:24]} Re8 {[%emt 0:01:36]} 12. e4 {[%emt 0:03:22]} e5 {[%emt 0:03:08]} 13. d5 {[%emt 0:00:36]} Nc5 {[%emt 0:00:38]} 14. Na4 {[%emt 0:05:55]} Bc8 {[%emt 0:02:43]} 15. a3 {[%emt 0:02:31]} Bxd2 {[%emt 0:01:12]} 16. Nxd2 {[%emt 0:00:10]} Bd7 {[%emt 0:00:14]} 17. Nxc5 {[%emt 0:03:10]} bxc5 {[%emt 0:00:10]} 18. b3 {[%emt 0:06:18]} Qb8 {[%emt 0:06:07]} 19. Rb1 {[%emt 0:01:06]} Qa7 {[%emt 0:00:15]} 20. Rb2 {[%emt 0:05:46]} Rab8 {[%emt 0:01:24]} 21. Reb1 {[%emt 0:00:50]} Rb6 {[%emt 0:03:01]} 22. h3 {[%emt 0:05:54]} Reb8 {[%emt 0:01:29]} 23. Qc3 {[%emt 0:00:28]} Be8 {[%emt 0:04:40]} 24. Kh2 {[%emt 0:00:50]} Qb7 {[%emt 0:05:16]} 25. f4 {[%emt 0:01:22]} Nd7 {[%emt 0:02:07]} 26. Nf3 {[%emt 0:01:38]} f6 {[%emt 0:01:15]} 27. h4 {[%emt 0:00:42]} a4 {[%emt 0:04:50]} 28. b4 {[%emt 0:02:04]} cxb4 {[%emt 0:00:14]} 29. Rxb4 {[%emt 0:00:44]} Qa7 {[%emt 0:00:41]} 30. Ne1 {[%emt 0:07:55]} Nc5 {[%emt 0:06:50]} 31. Nd3 {[%emt 0:00:23]} Nxd3 {[%emt 0:01:48]} 32. Qxd3 {[%emt 0:00:04]} Rxb4 {[%emt 0:00:20]} 33. axb4 {[%emt 0:00:08]} exf4 {[%emt 0:07:32]} 34. gxf4 {[%emt 0:00:26]} Qf2 {[%emt 0:00:10]} 35. Qg3 {[%emt 0:00:58]} Qc2 {[%emt 0:08:04]} 36. Rg1 {[%emt 0:00:21]} Rxb4 {[%emt 0:01:13]} 37. Kh1 {[%emt 0:02:15]} Rb1 {[%emt 0:02:32]} 38. e5 {[%emt 0:04:46]} Rxg1+ {[%emt 0:02:53]} 39. Kxg1 {[%emt 0:00:06]} Qg6 {[%emt 0:08:09]} 40. Qe3 {[%emt 0:00:36]} fxe5 {[%emt 0:01:00]} 41. fxe5 {[%emt 0:30:08]} dxe5 {[%emt 0:30:18]} 42. c5 {[%emt 0:05:28]} Bd7 {[%emt 0:00:00]} 43. c6 {[%emt 0:00:00]} Bc8 {[%emt 0:00:00]} 44. Qa3 {[%emt 0:00:00]} Kf7 {[%emt 0:00:00]} 45. Qxa4 {[%emt 0:00:00]} Bh3 {[%emt 0:00:00]} 46. Qe4 {[%emt 0:00:00]} Qxg2+ {[%emt 0:00:00]} 0-1

[Event "CZE-ch 2020"]
[Site "Pilsen"]
[Date "2020.08.23"]
[Round "1.8"]
[White "Houska, Jiri"]
[Black "Polak, Tomas"]
[Result "*"]
[WhiteElo "2202"]
[BlackElo "2563"]
[Annotator "TA"]
[PlyCount "34"]
[EventDate "2020.08.23"]
[EventType "swiss"]
[EventCountry "CZE"]
[SourceTitle "playchess.com"]
[Source "ChessBase"]
[SourceQuality "1"]

{[%evp 15,16,4,5]} 1. d4 Nf6 2. Nf3 b6 3. c4 Bb7 4. g3 e6 5. Bg2 Bb4+ 6. Bd2 a5 7. Nc3 O-O 8. O-O d6 {[#]} {Predecessor:} 9. Qc2 $146 {E16: Queen's Indian: 4 g3 Bb7 5 Bg2 Bb4+.} Nbd7 10. Rfe1 Bxc3 11. Bxc3 Be4 12. Qc1 Qb8 13. Bf1 b5 14. cxb5 Qxb5 15. Nd2 Rac8 16. f3 Ba8 17. e4 Qb6 {1-0 (64) Kuzubov,Y (2644)-Meskovs,N (2565) Tallinn 2020} *

[Event "CZE-ch 2020"]
[Site "Pilsen"]
[Date "2020.08.23"]
[Round "1.9"]
[White "Simacek, Pavel"]
[Black "Simet, Martin"]
[Result "1-0"]
[WhiteElo "2474"]
[BlackElo "2194"]
[Annotator "ChessBase"]
[PlyCount "61"]
[EventDate "2020.08.23"]
[EventType "swiss"]
[EventCountry "CZE"]
[SourceTitle "playchess.com"]
[Source "ChessBase"]
[SourceQuality "1"]
[TimeControl "40/5400+30:1800+30"]

1. e4 {[%emt 0:00:00]} d6 {[%emt 0:00:00]} 2. d4 {[%emt 0:00:11]} Nf6 {[%emt 0:00:53]} 3. Nc3 {[%emt 0:01:07]} e5 {[%emt 0:00:25]} 4. dxe5 {[%emt 0:05:12]} dxe5 {[%emt 0:00:11]} 5. Qxd8+ {[%emt 0:00:04]} Kxd8 {[%emt 0:00:08]} 6. Bg5 {[%emt 0:00:03]} Be6 {[%emt 0:05:14]} 7. f4 exf4 {[%emt 0:03:58]} 8. Nge2 {[%emt 0:03:13]} Bd6 {[%emt 0:04:08]} 9. Nxf4 {[%emt 0:05:05]} h6 {[%emt 0:03:18]} 10. Nxe6+ {[%emt 0:00:49]} fxe6 {[%emt 0:00:50]} 11. Bd2 {[%emt 0:04:03]} Nbd7 {[%emt 0:03:12]} 12. Be2 {[%emt 0:00:31]} a6 {[%emt 0:04:18]} 13. O-O-O {[%emt 0:21:09]} Ke7 {[%emt 0:04:47]} 14. g4 {[%emt 0:01:36]} b5 {[%emt 0:05:00]} 15. a3 {[%emt 0:02:21]} Rab8 {[%emt 0:05:41]} 16. h3 {[%emt 0:10:08]} b4 {[%emt 0:03:34]} 17. axb4 {[%emt 0:00:14]} Rxb4 {[%emt 0:00:20]} 18. b3 {[%emt 0:02:04]} Rhb8 {[%emt 0:09:12]} 19. Bxa6 {[%emt 0:13:25]} Nc5 {[%emt 0:09:39]} 20. Be2 {[%emt 0:00:09]} Nfxe4 {[%emt 0:01:47]} 21. Nxe4 {[%emt 0:01:02]} Nxe4 {[%emt 0:00:57]} 22. Bxb4 {[%emt 0:13:35]} Bxb4 {[%emt 0:00:07]} 23. c3 {[%emt 0:01:35]} Nxc3 {[%emt 0:01:39]} 24. Rd2 {[%emt 0:00:21]} e5 {[%emt 0:12:40]} 25. Bf3 {[%emt 0:01:08]} e4 {[%emt 0:02:11]} 26. Bxe4 {[%emt 0:00:34]} Nxe4 {[%emt 0:00:27]} 27. Re2 {[%emt 0:00:04]} Bd2+ {[%emt 0:01:19]} 28. Kc2 {[%emt 0:00:03]} Rb4 {[%emt 0:00:06]} 29. Kd3 {[%emt 0:05:51]} Rxb3+ {[%emt 0:00:16]} 30. Kxe4 {[%emt 0:00:03]} Bb4 {[%emt 0:01:29]} 31. Kd5+ {[%emt 0:00:36]} 1-0

[Event "CZE-ch 2020"]
[Site "Pilsen"]
[Date "2020.08.23"]
[Round "1.9"]
[White "Simacek, Pavel"]
[Black "Simet, Martin"]
[Result "*"]
[WhiteElo "2474"]
[BlackElo "2194"]
[Annotator "TA"]
[PlyCount "33"]
[EventDate "2020.08.23"]
[EventType "swiss"]
[EventCountry "CZE"]
[SourceTitle "playchess.com"]
[Source "ChessBase"]
[SourceQuality "1"]

{[%evp 11,12,23,25]} 1. e4 d6 2. d4 Nf6 3. Nc3 e5 4. dxe5 dxe5 5. Qxd8+ Kxd8 6. Bg5 Be6 {[#]} {Predecessor:} 7. O-O-O+ $146 {B07: Pirc Defence: Miscellaneous Systems.} Nbd7 8. f4 exf4 9. Nge2 Bd6 10. Bxf4 Bxf4+ 11. Nxf4 Ng4 12. Rd2 c6 13. Nce2 Nf2 14. Rg1 Nxe4 15. Nxe6+ fxe6 16. Rd4 Nef6 17. g4 {0-1 (38) Xu,X (2582)-Bologan,V (2574) Moscow 2019} *

[Event "CZE-ch 2020"]
[Site "Pilsen"]
[Date "2020.08.23"]
[Round "1.10"]
[White "Flajsman, Pavel"]
[Black "Malinovsky, Karel"]
[Result "1/2-1/2"]
[WhiteElo "2184"]
[BlackElo "2474"]
[Annotator "ChessBase"]
[PlyCount "63"]
[EventDate "2020.08.23"]
[EventType "swiss"]
[EventCountry "CZE"]
[SourceTitle "playchess.com"]
[Source "ChessBase"]
[SourceQuality "1"]
[TimeControl "40/5400+30:1800+30"]

1. d4 {[%emt 0:00:00]} d5 {[%emt 0:00:00]} 2. Nf3 {[%emt 0:00:00]} Nf6 {[%emt 0:00:00]} 3. c4 {[%emt 0:00:11]} e6 {[%emt 0:00:14]} 4. g3 {[%emt 0:00:17]} Be7 {[%emt 0:00:18]} 5. Bg2 {[%emt 0:00:05]} O-O {[%emt 0:00:06]} 6. O-O {[%emt 0:00:04]} dxc4 {[%emt 0:00:14]} 7. Ne5 {[%emt 0:00:42]} c5 {[%emt 0:01:49]} 8. dxc5 {[%emt 0:00:28]} Qc7 {[%emt 0:00:07]} 9. Nxc4 {[%emt 0:00:38]} Qxc5 {[%emt 0:00:08]} 10. b3 {[%emt 0:02:14]} Rd8 {[%emt 0:01:43]} 11. Qc2 {[%emt 0:18:11]} Nc6 {[%emt 0:10:42]} 12. Ba3 {[%emt 0:01:42]} Nb4 {[%emt 0:01:48]} 13. Bxb4 {[%emt 0:01:05]} Qxb4 {[%emt 0:00:09]} 14. a3 {[%emt 0:06:22]} Qc5 {[%emt 0:02:53]} 15. Nbd2 {[%emt 0:10:32]} Rb8 {[%emt 0:07:55]} 16. Rac1 {[%emt 0:06:28]} Bd7 {[%emt 0:08:11]} 17. b4 {[%emt 0:17:07]} Qh5 {[%emt 0:08:46]} 18. Ne4 {[%emt 0:03:37]} Bb5 {[%emt 0:13:18]} 19. a4 {[%emt 0:09:30]} Nxe4 {[%emt 0:08:51]} 20. Bxe4 {[%emt 0:02:16]} Bxc4 {[%emt 0:03:41]} 21. Qxc4 {[%emt 0:00:02]} b5 {[%emt 0:00:17]} 22. axb5 {[%emt 0:01:46]} Qxb5 {[%emt 0:00:32]} 23. Qxb5 {[%emt 0:03:12]} Rxb5 {[%emt 0:00:07]} 24. Rc7 {[%emt 0:00:43]} Bf6 {[%emt 0:03:32]} 25. Rxa7 {[%emt 0:01:22]} Rxb4 {[%emt 0:00:08]} 26. Bf3 {[%emt 0:00:47]} Rbd4 {[%emt 0:00:23]} 27. Kg2 {[%emt 0:01:25]} R4d7 {[%emt 0:00:10]} 28. Rxd7 {[%emt 0:00:17]} Rxd7 {[%emt 0:00:07]} 29. Rb1 {[%emt 0:00:14]} g6 {[%emt 0:00:11]} 30. Rb7 {[%emt 0:00:25]} Rxb7 {[%emt 0:00:06]} 31. Bxb7 {[%emt 0:00:04]} h5 {[%emt 0:00:17]} 32. h4 {[%emt 0:00:30]} 1/2-1/2

[Event "CZE-ch 2020"]
[Site "Pilsen"]
[Date "2020.08.23"]
[Round "1.10"]
[White "Flajsman, Pavel"]
[Black "Malinovsky, Karel"]
[Result "*"]
[WhiteElo "2184"]
[BlackElo "2474"]
[Annotator "TA"]
[PlyCount "37"]
[EventDate "2020.08.23"]
[EventType "swiss"]
[EventCountry "CZE"]
[SourceTitle "playchess.com"]
[Source "ChessBase"]
[SourceQuality "1"]

{[%evp 18,20,47,30,48]} 1. d4 d5 2. Nf3 Nf6 3. c4 e6 4. g3 Be7 5. Bg2 O-O 6. O-O dxc4 7. Ne5 c5 8. dxc5 Qc7 9. Nxc4 Qxc5 10. b3 Rd8 {[#] E05: Open Catalan: 5 Nf3 Be7.} {Predecessor:} 11. Nbd2 $146 Qc7 12. Bb2 Nc6 13. Rc1 Bd7 14. e4 Ne8 15. e5 Nb4 16. Nd6 Bc6 17. N2e4 f5 18. Nc5 Bxg2 19. Nxe6 {1-0 (37) Zeng,C (2552)-Harikrishna,P (2724) China 2019} *

[Event "CZE-ch 2020"]
[Site "Pilsen"]
[Date "2020.08.23"]
[Round "1.11"]
[White "Havelka, Josef"]
[Black "Novotny, Martin"]
[Result "1/2-1/2"]
[WhiteElo "2367"]
[BlackElo "2180"]
[Annotator "ChessBase"]
[PlyCount "66"]
[EventDate "2020.08.23"]
[EventType "swiss"]
[EventCountry "CZE"]
[SourceTitle "playchess.com"]
[Source "ChessBase"]
[SourceQuality "1"]
[TimeControl "40/5400+30:1800+30"]

1. e4 {[%emt 0:00:00]} e6 {[%emt 0:00:00]} 2. d4 {[%emt 0:00:00]} d5 {[%emt 0:00:00]} 3. Nd2 {[%emt 0:00:48]} c5 {[%emt 0:00:11]} 4. exd5 {[%emt 0:00:48]} exd5 {[%emt 0:00:20]} 5. Bb5+ {[%emt 0:06:05]} Nc6 {[%emt 0:05:38]} 6. Ngf3 {[%emt 0:03:44]} cxd4 {[%emt 0:04:21]} 7. O-O {[%emt 0:05:01]} Bd6 {[%emt 0:01:31]} 8. Re1+ {[%emt 0:01:34]} Nge7 {[%emt 0:01:07]} 9. h3 {[%emt 0:12:14]} O-O {[%emt 0:01:57]} 10. Nb3 {[%emt 0:02:22]} Bd7 {[%emt 0:11:18]} 11. Nbxd4 {[%emt 0:05:51]} Re8 {[%emt 0:06:57]} 12. Bf1 {[%emt 0:05:36]} a6 {[%emt 0:06:43]} 13. c4 {[%emt 0:20:56]} Qc7 {[%emt 0:30:31]} 14. Bg5 {[%emt 0:17:14]} Nxd4 {[%emt 0:08:12]} 15. Qxd4 {[%emt 0:03:17]} Bc5 {[%emt 0:02:21]} 16. Qc3 {[%emt 0:01:52]} Qb6 {[%emt 0:05:48]} 17. Be3 {[%emt 0:01:11]} Rac8 {[%emt 0:01:43]} 18. Bxc5 {[%emt 0:00:38]} Qxc5 {[%emt 0:02:48]} 19. b4 {[%emt 0:04:14]} Qa7 {[%emt 0:02:23]} 20. Qb3 {[%emt 0:02:01]} Be6 {[%emt 0:01:50]} 21. Rac1 {[%emt 0:01:26]} h6 {[%emt 0:01:05]} 22. c5 {[%emt 0:01:11]} Nc6 {[%emt 0:00:33]} 23. a4 {[%emt 0:01:06]} b6 {[%emt 0:02:07]} 24. cxb6 {[%emt 0:01:12]} Qxb6 {[%emt 0:00:09]} 25. b5 {[%emt 0:00:32]} Na7 {[%emt 0:01:11]} 26. Qb4 {[%emt 0:00:30]} axb5 {[%emt 0:00:10]} 27. axb5 {[%emt 0:00:06]} Bd7 {[%emt 0:01:20]} 28. Rxc8 {[%emt 0:01:28]} Rxc8 {[%emt 0:01:03]} 29. Nd4 {[%emt 0:00:56]} Rb8 {[%emt 0:00:32]} 30. Re7 {[%emt 0:00:36]} Nxb5 {[%emt 0:00:32]} 31. Rxd7 {[%emt 0:00:30]} Nxd4 {[%emt 0:00:31]} 32. Qxb6 {[%emt 0:00:24]} Rxb6 {[%emt 0:00:05]} 33. Rxd5 {[%emt 0:00:04]} Ne6 {[%emt 0:00:18]} 1/2-1/2

[Event "CZE-ch 2020"]
[Site "Pilsen"]
[Date "2020.08.23"]
[Round "1.12"]
[White "Pokrupa, Marek"]
[Black "Hollan, Martin"]
[Result "1/2-1/2"]
[WhiteElo "2164"]
[BlackElo "2346"]
[Annotator "TA"]
[PlyCount "87"]
[EventDate "2020.08.23"]
[EventType "swiss"]
[EventCountry "CZE"]
[SourceTitle "playchess.com"]
[Source "ChessBase"]
[SourceQuality "1"]

{[%evp 10,87,-8,3,35,24,44,26,36,40,59,8,-7,-5,-12,-35,-46,-39,-4,-58,-64,-63,-68,-71,-82,-71,-41,-85,175,176,185,191,205,203,212,200,235,233,240,232,268,261,253,50,43,72,77,25,26,0,95,0,97,100,159,144,162,151,146,137,145,129,143,0,143,0,147,100,100,100,233,227,221,211,186,0,30,31,33,54]} 1. c4 c5 2. g3 g6 3. Bg2 Bg7 4. Nc3 d6 5. e4 Nc6 6. Nge2 Ne5 {A36: Symmetrical English vs ...g6: 4 Bg2 Bg7.} 7. d3 Bg4 8. h3 Bf3 {White has an edge.} 9. O-O e6 {[#]} 10. Be3 $146 ({Better is} 10. Bxf3 $14 Nxf3+ 11. Kg2) ({Predecessor:} 10. Bxf3 Nxf3+ 11. Kg2 Nd4 12. Nxd4 cxd4 13. Qa4+ Qd7 14. Nb5 Ke7 15. b3 Nf6 16. Ba3 {1-0 (23) Garcia Loro,M (2054)-Portalo Calero,F (2013) Spain 2006}) 10... Ne7 $11 11. d4 cxd4 12. Bxd4 N7c6 13. Qa4 {[#] aiming for Bxe5.} O-O 14. Be3 (14. Bxe5 $1 $11 Nxe5 15. Bxf3 Nxf3+ 16. Kg2) 14... Qf6 $15 15. Rad1 a6 16. Bxf3 Qxf3 17. Rxd6 b5 18. Qd1 Nxc4 $2 {[%mdl 8192]} (18... b4 $17 {and life is bright.} 19. Na4 Qxe4) 19. Rxc6 $18 Nxe3 20. fxe3 Qxe3+ {[#]} 21. Kg2 $1 b4 22. Rf3 Qg5 23. Na4 Rad8 24. Rd3 Rxd3 25. Qxd3 Rd8 26. Rd6 $2 ({Don't do} 26. Qxa6 $6 Qe3 $16) (26. h4 $18 Rxd3 27. hxg5) 26... Rxd6 $14 27. Qxd6 Qe3 28. Qxa6 (28. Qd8+ $16 Bf8 29. Kf1 Qxe4 30. Kf2) 28... Qxe4+ $11 29. Kh2 Qf3 (29... h5 $11 {remains equal.}) 30. Qc8+ $16 Bf8 31. Nf4 Qf2+ ({Black should try} 31... b3 32. axb3 Qxb3) 32. Ng2 Kg7 {Threatens to win with ...Bd6!} 33. Qc1 h5 34. Qe3 Qc2 35. Qb3 Qf2 36. Qe3 Qc2 37. Qb3 Qf2 $1 38. Qc4 Bd6 39. Qd3 Be5 (39... Be7 $16 {might work better.}) 40. Qe3 $18 Qf6 41. b3 g5 {intending ...h4.} 42. Kh1 $2 (42. Nc5 $18 {Strongly threatening Nd7.} h4 43. Ne4 {[%mdl 64] Double Attack} hxg3+ 44. Nxg3) 42... Bd4 43. Qe2 {Ne1 is the strong threat.} Qf5 {[%cal Rf5h3]} 44. Kh2 $1 {Accuracy: White = 71%, Black = 61%.} 1/2-1/2

[Event "CZE-ch 2020"]
[Site "Pilsen"]
[Date "2020.08.23"]
[Round "1.13"]
[White "Finek, Vaclav"]
[Black "Jezek, Jan"]
[Result "1-0"]
[WhiteElo "2344"]
[BlackElo "2162"]
[Annotator "ChessBase"]
[PlyCount "89"]
[EventDate "2020.08.23"]
[EventType "swiss"]
[EventCountry "CZE"]
[SourceTitle "playchess.com"]
[Source "ChessBase"]
[SourceQuality "1"]
[TimeControl "40/5400+30:1800+30"]

1. d4 {[%emt 0:00:00]} d6 {[%emt 0:00:05]} 2. Nf3 {[%emt 0:00:00]} Nd7 {[%emt 0:00:44]} 3. c4 {[%emt 0:02:25]} Ngf6 {[%emt 0:00:45]} 4. Nc3 {[%emt 0:00:10]} c6 {[%emt 0:01:25]} 5. g3 {[%emt 0:02:27]} e5 {[%emt 0:00:36]} 6. Bg2 {[%emt 0:01:06]} Be7 {[%emt 0:01:43]} 7. O-O {[%emt 0:00:29]} O-O {[%emt 0:00:19]} 8. b4 {[%emt 0:10:04]} a5 {[%emt 0:12:34]} 9. b5 {[%emt 0:07:07]} exd4 {[%emt 0:08:14]} 10. Nxd4 {[%emt 0:01:58]} c5 {[%emt 0:02:56]} 11. Nf5 {[%emt 0:07:20]} Nb6 {[%emt 0:00:20]} 12. Ne3 {[%emt 0:00:38]} Qc7 {[%emt 0:07:10]} 13. Bb2 {[%emt 0:03:34]} Be6 {[%emt 0:03:18]} 14. Qd3 {[%emt 0:01:14]} Rfe8 {[%emt 0:06:14]} 15. f4 {[%emt 0:04:47]} Rad8 {[%emt 0:14:09]} 16. f5 {[%emt 0:02:38]} Bc8 {[%emt 0:00:45]} 17. Rad1 {[%emt 0:01:55]} Bf8 {[%emt 0:01:31]} 18. Rf4 {[%emt 0:04:34]} Qe7 {[%emt 0:03:41]} 19. Bc1 {[%emt 0:05:58]} Nbd7 {[%emt 0:09:33]} 20. Ned5 {[%emt 0:03:18]} Nxd5 {[%emt 0:00:14]} 21. Bxd5 {[%emt 0:00:13]} Ne5 {[%emt 0:01:25]} 22. Qc2 {[%emt 0:02:51]} g5 {[%emt 0:06:52]} 23. Rff1 {[%emt 0:04:04]} h6 {[%emt 0:03:03]} 24. Ne4 {[%emt 0:02:12]} Kh8 {[%emt 0:02:11]} 25. f6 {[%emt 0:01:49]} Qd7 {[%emt 0:02:08]} 26. Bxg5 {[%emt 0:03:18]} Qh3 {[%emt 0:01:07]} 27. Bc1 {[%emt 0:04:43]} Ng4 {[%emt 0:00:40]} 28. e3 {[%emt 0:00:41]} Be6 {[%emt 0:01:23]} 29. Rf4 {[%emt 0:01:50]} Bxd5 {[%emt 0:01:07]} 30. Rxd5 {[%emt 0:00:19]} Re5 {[%emt 0:00:36]} 31. Qe2 {[%emt 0:04:12]} Rxd5 {[%emt 0:03:16]} 32. cxd5 {[%emt 0:00:14]} Ne5 {[%emt 0:00:31]} 33. Nf2 {[%emt 0:01:00]} Qd7 {[%emt 0:00:47]} 34. e4 {[%emt 0:00:11]} Ng6 {[%emt 0:00:54]} 35. Qh5 {[%emt 0:02:01]} Qxb5 {[%emt 0:01:19]} 36. Rf3 {[%emt 0:02:52]} Qb1 {[%emt 0:01:21]} 37. Rc3 {[%emt 0:00:22]} Re8 {[%emt 0:00:21]} 38. Kg2 {[%emt 0:02:11]} Re5 {[%emt 0:00:53]} 39. Qh3 {[%emt 0:01:26]} Rxe4 {[%emt 0:01:08]} 40. Qf5 {[%emt 0:04:29]} Rb4 {[%emt 0:00:41]} 41. Qh5 {[%emt 0:30:11]} Kh7 {[%emt 0:30:45]} 42. a3 {[%emt 0:04:28]} Rd4 {[%emt 0:00:00]} 43. Be3 {[%emt 0:00:00]} Qa2 {[%emt 0:00:00]} 44. Bxd4 {[%emt 0:00:00]} Qxd5+ {[%emt 0:00:00]} 45. Qxd5 {[%emt 0:00:00]} 1-0

[Event "CZE-ch 2020"]
[Site "Pilsen"]
[Date "2020.08.23"]
[Round "1.14"]
[White "Pychova, Nela"]
[Black "Sorm, Daniel"]
[Result "0-1"]
[WhiteElo "2159"]
[BlackElo "2343"]
[Annotator "ChessBase"]
[PlyCount "130"]
[EventDate "2020.08.23"]
[EventType "swiss"]
[EventCountry "CZE"]
[SourceTitle "playchess.com"]
[Source "ChessBase"]
[SourceQuality "1"]
[TimeControl "40/5400+30:1800+30"]

1. c4 {[%emt 0:00:00]} e6 {[%emt 0:00:19]} 2. Nf3 {[%emt 0:01:00]} d5 {[%emt 0:00:19]} 3. b3 {[%emt 0:02:30]} d4 {[%emt 0:01:12]} 4. Bb2 {[%emt 0:01:14]} c5 {[%emt 0:00:38]} 5. b4 {[%emt 0:01:42]} Nf6 {[%emt 0:08:51]} 6. d3 {[%emt 0:08:31]} b6 {[%emt 0:09:34]} 7. Nbd2 {[%emt 0:03:02]} Bd6 {[%emt 0:02:42]} 8. g3 {[%emt 0:01:18]} Bb7 {[%emt 0:02:06]} 9. Bg2 {[%emt 0:01:46]} O-O {[%emt 0:00:45]} 10. O-O {[%emt 0:00:16]} Nbd7 {[%emt 0:03:16]} 11. Rb1 {[%emt 0:03:38]} Qc7 {[%emt 0:04:56]} 12. Ba3 {[%emt 0:13:15]} e5 {[%emt 0:05:20]} 13. bxc5 {[%emt 0:04:10]} Nxc5 {[%emt 0:01:26]} 14. Bxc5 {[%emt 0:02:01]} Bxc5 {[%emt 0:00:21]} 15. Nb3 {[%emt 0:02:15]} Ba3 {[%emt 0:05:42]} 16. Na1 {[%emt 0:17:06]} Rfd8 {[%emt 0:04:32]} 17. Qa4 {[%emt 0:07:22]} Bc5 {[%emt 0:03:01]} 18. Nd2 {[%emt 0:04:12]} Bxg2 {[%emt 0:00:59]} 19. Kxg2 {[%emt 0:00:02]} Qb7+ {[%emt 0:00:15]} 20. Kg1 {[%emt 0:00:36]} e4 {[%emt 0:07:59]} 21. Nab3 {[%emt 0:08:32]} Qe7 {[%emt 0:01:11]} 22. Nxc5 {[%emt 0:06:22]} bxc5 {[%emt 0:00:50]} 23. Nxe4 {[%emt 0:00:25]} Nxe4 {[%emt 0:00:16]} 24. dxe4 {[%emt 0:00:04]} Qxe4 {[%emt 0:00:14]} 25. Rfe1 {[%emt 0:00:51]} h5 {[%emt 0:01:18]} 26. Qb3 {[%emt 0:03:09]} h4 {[%emt 0:01:30]} 27. Qd3 {[%emt 0:01:59]} Qg4 {[%emt 0:01:20]} 28. Rb7 {[%emt 0:01:38]} Re8 {[%emt 0:01:39]} 29. Kg2 {[%emt 0:03:16]} h3+ {[%emt 0:05:33]} 30. Kf1 {[%emt 0:00:45]} Qe6 {[%emt 0:00:19]} 31. Rb5 {[%emt 0:01:52]} Rac8 {[%emt 0:01:27]} 32. Rc1 {[%emt 0:00:37]} Rc7 {[%emt 0:01:04]} 33. Qf3 {[%emt 0:00:23]} a6 {[%emt 0:00:51]} 34. Rb2 {[%emt 0:00:32]} Rce7 {[%emt 0:01:17]} 35. Rd2 {[%emt 0:00:31]} Qh6 {[%emt 0:00:35]} 36. Rcd1 {[%emt 0:00:31]} Rb8 {[%emt 0:00:41]} 37. Qd3 {[%emt 0:00:33]} Reb7 {[%emt 0:01:33]} 38. e4 {[%emt 0:00:24]} dxe3 {[%emt 0:12:21]} 39. Qxe3 {[%emt 0:00:08]} Qxe3 {[%emt 0:04:55]} 40. fxe3 {[%emt 0:00:04]} Rb4 {[%emt 0:00:20]} 41. Rc2 {[%emt 0:02:06]} Ra4 {[%emt 0:08:09]} 42. Ke2 {[%emt 0:05:24]} Rbb4 {[%emt 0:01:09]} 43. Rd8+ {[%emt 0:04:46]} Kh7 {[%emt 0:00:03]} 44. Kd3 {[%emt 0:00:35]} f5 {[%emt 0:02:55]} 45. Rd5 {[%emt 0:01:38]} Ra3+ {[%emt 0:00:15]} 46. Ke2 {[%emt 0:01:33]} Rba4 {[%emt 0:01:55]} 47. Rxf5 {[%emt 0:07:34]} Rxa2 {[%emt 0:00:33]} 48. Rxa2 {[%emt 0:00:13]} Rxa2+ {[%emt 0:00:02]} 49. Kf1 {[%emt 0:01:06]} Rxh2 {[%emt 0:07:36]} 50. Rxc5 {[%emt 0:02:28]} Kg6 {[%emt 0:04:06]} 51. g4 {[%emt 0:04:04]} Ra2 {[%emt 0:09:07]} 52. Kg1 {[%emt 0:01:25]} a5 {[%emt 0:01:14]} 53. Rf5 {[%emt 0:03:42]} a4 {[%emt 0:00:31]} 54. c5 {[%emt 0:01:11]} Rc2 {[%emt 0:02:04]} 55. c6 {[%emt 0:00:25]} Rxc6 {[%emt 0:00:57]} 56. Kh2 {[%emt 0:00:44]} Ra6 {[%emt 0:00:46]} 57. Rf2 {[%emt 0:00:22]} a3 {[%emt 0:00:18]} 58. Ra2 {[%emt 0:00:06]} Kg5 {[%emt 0:01:33]} 59. Kxh3 {[%emt 0:00:14]} Ra4 {[%emt 0:00:03]} 60. Kg3 {[%emt 0:01:07]} Rxg4+ {[%emt 0:00:19]} 61. Kf3 {[%emt 0:00:12]} Ra4 {[%emt 0:00:12]} 62. e4 {[%emt 0:00:51]} Kf6 {[%emt 0:00:34]} 63. Ke3 {[%emt 0:00:25]} Ke5 {[%emt 0:00:33]} 64. Kd3 {[%emt 0:00:26]} g5 {[%emt 0:00:30]} 65. Kc2 {[%emt 0:00:44]} Kxe4 {[%emt 0:00:17]} 0-1